Účtovné odpisy investičného majetku v nezárobkových a neziskových organizáciách
Povinnosť odpisovať investičný majetok podľa par. 28 zákona o účtovníctve. Daňové odpisy. Povinnosť účtovných jednotiek odpisovať investičný majetok. Rozdiely medzi účtovnými a daňovými odpismi. Odpisovanie v sústave jednoduchého účtovníctva. Dodatočný výpočet odpisov.
Salvato in:
| Autore principale: | |
|---|---|
| Natura: | Capitolo di libro |
| Lingua: | slovacco |
| Soggetti: | |
| Tags: |
Nessun Tag, puoi essere il primo ad aggiungerne!!
|
MARC
| LEADER | 00000naa a2200000 4500 | ||
|---|---|---|---|
| 001 | r036129 | ||
| 005 | 20230926081625.2 | ||
| 041 | 0 | |a slo | |
| 044 | |a SK | ||
| 245 | 1 | 0 | |a Účtovné odpisy investičného majetku v nezárobkových a neziskových organizáciách |c Viera Laszová |
| 520 | |a Povinnosť odpisovať investičný majetok podľa par. 28 zákona o účtovníctve. Daňové odpisy. Povinnosť účtovných jednotiek odpisovať investičný majetok. Rozdiely medzi účtovnými a daňovými odpismi. Odpisovanie v sústave jednoduchého účtovníctva. Dodatočný výpočet odpisov. | ||
| 610 | 2 | 0 | |a odpisy účtovné |
| 610 | 2 | 0 | |a odpisy daňové |
| 610 | 2 | 0 | |a majetok investičný |
| 610 | 2 | 0 | |a organizácie neziskové |
| 610 | 2 | 0 | |a účtovníctvo jednoduché |
| 610 | 2 | 0 | |a jednotka účtovná |
| 100 | 1 | |a Laszová, Viera | |